La vida que yo he pasado /

En este libro el lector podrá encontrar la más completa biografía de este músico y folclorista chileno, autor de las "Décimas de La negra Ester" y creador de las "cuecas choras", que cambiaron la visión y contenido de las cuecas tradicionales de nuestro país.\El tío Roberto como era conocido en el a...

Full description

Bibliographic Details
Main Author: Parra, Roberto 1921-1995
Format: Libro
Language:Spanish
Published: Santiago, Chile Pehuén 2012
Subjects:
Online Access:

MARC

LEADER 00000cam a2200000 a 4500
001 028062
003 UAHC_CL
005 20170803122905.0
008 130924s2012 cl 000 dspa
020 |a 9789561605633 
040 |a UAHC_CL  |c UAHC_CL  |d UAHC_CL 
082 0 4 |a Ch861  |b P259  |2 21 
100 1 |a Parra, Roberto  |d 1921-1995 
245 1 3 |a La vida que yo he pasado /  |c Roberto Parra ; [selección y edición al cuidado de Ana María Moraga S., Manuela Rojas S.]. 
260 |b Pehuén  |a Santiago, Chile  |c 2012 
300 |a 156 p. 
520 |a En este libro el lector podrá encontrar la más completa biografía de este músico y folclorista chileno, autor de las "Décimas de La negra Ester" y creador de las "cuecas choras", que cambiaron la visión y contenido de las cuecas tradicionales de nuestro país.\El tío Roberto como era conocido en el ambiente artístico y familiar, fue el quinto hijo de la familia Parra, compuesta por sus otros ocho hermanos, donde destacaron Violeta, Nicanor y Eduardo. Hilda, Elba, Caupolicán, Lautaro y Óscar completan la lista.\La revisión de la vida de Roberto Parra (29/06/1921 - 21/04/1955), escrita por su mujer, Catalina Rojas, en conjunto con el equipo de Pehuén Editores, nos mostrará las distintas etapas de la carrera de este singular cantautor, quien desempeño su arte en boites, circos y cabarets a lo largo de Chile. 
600 1 4 |a PARRA, ROBERTO  |d 1921-1995 
650 4 |a POESIAS POPULARES CHILENAS 
650 4 |a DRAMA POETICO CHILENO 
650 4 |a DECIMAS CHILENAS 
900 |a Ch861 PARI 
942 |c BK 
952 |0 0  |1 0  |4 0  |6 CH_861_000000000000000_PARI  |7 0  |8 General  |9 55655  |a BC  |b BC  |c General  |d 2017-08-03  |l 2  |m 4  |o Ch861 PARI  |p 1410870  |r 2025-11-26 00:00:00  |s 2024-11-19  |t 1  |w 2017-08-03  |y BK  |z Con tapa un poco dañada.19/12/2024 PEA 
952 |0 0  |1 0  |4 0  |6 CH_861_000000000000000_PARI  |7 0  |8 Referencia  |9 55656  |a BC  |b BS  |c Referencia  |d 2017-08-03  |l 1  |o Ch861 PARI  |p 1410872  |q 2026-04-08  |r 2026-03-31 12:08:30  |s 2026-03-31  |t 2  |w 2017-08-03  |y BK 
952 |0 0  |1 0  |4 0  |6 CH_861_000000000000000_PARI  |7 0  |8 General  |9 55657  |a BC  |b BC  |c General  |d 2017-08-03  |o Ch861 PARI  |p 1410874  |r 2025-11-26 00:00:00  |t 3  |w 2017-08-03  |y BK 
999 |c 28062  |d 28062